00539nam a22001577a 4500020001500000040000900015082003300024100002400057110003700081245003500118260004900153650004200202942001200244999001900256952010600275 a9814126683 cnust 2Sixth Editiona621.4021bSON aSonntag E. 9122590 aRichard, Borgnakke Claus9122591 aFundamentals of Thermodynamics aSingapore:bJohn Wiley and Sons, inc,c2003. aFundamentals of Thermodynamics980061 2ddccBK c609044d609044 00102ddc4070aCEMEbCEMEcGENd2024-05-10l0o621.4021 SONpCEME-40163r2024-05-10w2024-05-10yBK